| 000 | 00529nam a2200169Ia 4500 | ||
|---|---|---|---|
| 999 |
_c26472 _d26472 |
||
| 003 | OSt | ||
| 005 | 20211029103144.0 | ||
| 008 | 190216s9999||||xx |||||||||||||| ||und|| | ||
| 040 | _coclc | ||
| 082 |
_a894.812 _bUNN/B |
||
| 100 |
_aUnnithiri, N V P _98874 |
||
| 245 | 0 |
_aBharathiya Darshanathinte Ariyappedatha Mugam / _cN V P Unnithiri |
|
| 260 |
_bKerala Shashthra Sahithya Parishath, _aThrissur: |
||
| 300 | _a81p | ||
| 650 | _aPhilosophy & Theory | ||
| 942 |
_cBK _2ddc _h894.812 _iUNN/B _k894.812 _mUNN/B |
||